Ahomar Din (Record no. 4986)

MARC details
000 -LEADER
fixed length control field 00438cam a2200181ua 4500
008 - FIXED-LENGTH DATA ELEMENTS--GENERAL INFORMATION
fixed length control field 131023n ii |||gr||||Z||||||asm
040 ## - CATALOGING SOURCE
Transcribing agency MAIN
082 ## - DEWEY DECIMAL CLASSIFICATION NUMBER
Classification number 954.162
245 ## - TITLE STATEMENT
Title Ahomar Din
Statement of responsibility, etc. By Hiteswar Borbaruah
250 ## - EDITION STATEMENT
Edition statement 5th ed.
260 ## - PUBLICATION, DISTRIBUTION, ETC.
Place of publication, distribution, etc. Guwahati:
Name of publisher, distributor, etc. Publication Board Assam,
Date of publication, distribution, etc. 2008.
300 ## - PHYSICAL DESCRIPTION
Extent x,578p.
700 ## - ADDED ENTRY--PERSONAL NAME
Personal name Borbaruah,Hiteswar,
Relator term
942 ## - ADDED ENTRY ELEMENTS (KOHA)
Koha item type Books
653 ## - INDEX TERM--UNCONTROLLED
Uncontrolled term History
653 ## - INDEX TERM--UNCONTROLLED
Uncontrolled term Ahomar Din
Holdings
Withdrawn status Lost status Damaged status Not for loan Home library Current library Shelving location Date acquired Total Checkouts Full call number Barcode Date last seen Copy number Price effective from Koha item type
        Central Library, Naharkatiya College Central Library, Naharkatiya College General Stacks 19/09/2020   954.162 | BOR 18948 02/01/2025 1 19/09/2020 Books

Naharkatiya College © 2020. All rights reserved.

Powered By